000 00709nam a2200217 4500
001 110347
003 ES-MaACL
005 20240608063000.0
007 t|
008 061121s1965 sp r ||||1| spa d
100 0 _aMolina, Ricardo,
_d1916-1968
_981902
245 1 0 _aTierra y espíritu
_b: glosario andaluz /
_cRicardo Molina.
260 _aCórdoba :
_bDiputación Provincial,
_c1965.
300 _a166 p., 6 lám. ;
_c22 cm.
490 1 _aEstudios cordobeses
710 1 _aCórdoba (Provincia).
_bDiputación Provincial.
_93299
830 0 _aEstudios cordobeses
_9182336
852 _aES-MaACL
_jC-28471
_bR.57698
852 _aES-MaACL
_jC-28248
_bR.57570
999 _c110347
_d110347